Normale Ansicht MARC-Ansicht ISBD

Die Wehrmacht im Dritten Reich (Titelsatznr. 45001)

[ MARC ]
MARC-Details
000 -Satzkennung
Kontrollfeld mit fester Länge 00846nam a22001811cc4500
001 - Kontrollnummer
Kontrollfeld a987674692+BandII
035 ## - Systemkontrollnummer
System-Kontrollnummer a987674692
008 - Feld mit fester Länge zur physischen Beschreibung - Allgemeine Angaben
Kontrollfeld mit fester Länge 170707s1971 gw |||| 000u ger d
020 ## - Internationale Standardbuchnummer
Internationale Standardbuchnummer 3764615486
Verknüpfung 3-7646-1548-6
040 ## - Katalogisierungsquelle
Übertragungsstelle RU-10907106
003 - Kontrollnummer Identifier
Kontrollfeld RU-10907106
245 04 - Titel
Titel Die Wehrmacht im Dritten Reich
Zählung des Teils/der Abteilung eines Werkes Band II
Titel eines Teils/einer Abteilung eines Werkes 30. Januar 1933 bis 2. August 1934 (Fortsetzung) : Mit einem Rückblick auf das Militärwesen in Preußen, im Kaiserreich und in der Weimarer Republik
264 ## - Produktion, Veröffentlichung, Distribution, Herstellung und Urheberrechtsvermerk
Herstellungs-, Veröffentlichungs- Vertriebs-, Erzeugungsort Boppard am Rhein :
Produzent, Herausgeber, Distributor, Hersteller Boldt,
Datum der Herstellung, der Veröffentlichung, des Vertriebs oder des Urheberschutzvermerks 1971
246 12 - Titelvarianten
Hauptsachtitel/Kurztitel Die Wehrmacht im Dritten Reich : Aufbau, Gliederung, Recht, Verwaltung. 30. Januar 1933 bis 2. August 1934 (Fortsetzung) : Mit einem Rückblick auf das Militärwesen in Preußen, im Kaiserreich und in der Weimarer Republik
Zählung des Teils/der Abteilung eines Werkes Band II
300 ## - Physische Beschreibung
Umfang XIV, 601 S.
773 08 - Übergeordnete Einheit
Datensatzkontrollnummer a987674692
Zählung und erste Seite BandII
942 ## - Zusätzliche Felder (Koha)
Koha-Medientyp Monographien
Exemplare
Ausgeschieden Verloren Klassifikation oder Aufstellungssystematik Beschädigt Nicht entleihbar Heimatbibliothek Aufenthaltsbibliothek Aufstellungsort Erwerbungsdatum Inventarnummer Signatur Barcode Letzte Aktivität Preis gültig von Koha-Medientyp
    Andere/Generische Klassifikation     MWN Osteuropa MWN Osteuropa Lesesaal - 1 07/07/2017 15-01258 Ersatzß D 52 rd Abs 1 (2) E00401506CBE0322 24/09/2020 22/03/2021 Monographien